000
002700000a22000970004500
100
1
_a
Lyall, Francis
245
1
0
_a
Methaphors, legal and theological
300
_a
Vol. 10, Num. 2 (1992), Páginas 94-112
773
0
_t
Scottish Bulletin of Evangelical Theology
942
_c
ANA
999
_c
55698
_d
55698